Plan de Derecho Mercantil de España y de las principales naciones de Europa y América / (Record no. 34739)

MARC details
000 -LEADER
campo de control de longitud fija 00562nam a2200169 i 4500
001 - NÚMERO DE CONTROL
campo de control 34739
003 - IDENTIFICADOR DE NÚMERO DE CONTROL
campo de control ES-MaACL
005 - FECHA Y HORA DE LA ÚLTIMA TRANSACCIÓN
campo de control 20230906155004.0
007 - CAMPO FIJO DE DESCRIPCIÓN FÍSICA--INFORMACIÓN GENERAL
campo de control de longitud fija t|
008 - DATOS DE LONGITUD FIJA--INFORMACIÓN GENERAL
campo de control de longitud fija 030207s1903 sp ||||1| spa d
100 1# - ENTRADA PRINCIPAL--NOMBRE DE PERSONA
Nombre de persona Bonilla y San Martín, Adolfo,
Fechas asociadas al nombre 1875-1926
9 (RLIN) 30193
245 10 - MENCIÓN DEL TÍTULO
Título Plan de Derecho Mercantil de España y de las principales naciones de Europa y América /
Mención de responsabilidad, etc. por Adolfo Bonilla y San Martín.
260 ## - PUBLICACIÓN, DISTRIBUCIÓN, ETC.
Lugar de publicación, distribución, etc. Madrid :
Nombre del editor, distribuidor, etc. [s.n.,
Fecha de publicación, distribución, etc. 1903] (
Fabricante José Perales)
300 ## - DESCRIPCIÓN FÍSICA
Extensión 128 p. ;
Dimensiones 22 cm.
852 ## - LOCALIZACIÓN
Ubicación ES-MaACL
Número de control de estantería F-13700
Holdings
Estatus retirado Estado de pérdida Estado de daño No para préstamo Biblioteca de origen Biblioteca actual Ubicación en estantería Fecha de adquisición Fuente de adquisición Total de préstamos Signatura topográfica completa Código de barras Visto por última vez Precio de reemplazo Tipo de ítem Koha
        Biblioteca del Ateneo de Madrid Biblioteca del Ateneo de Madrid Sala Pecera Planta 2 17/01/2008     F-13700 1036253 23/02/2023 23/02/2023 Libro impreso